Eu grande, você pequenininho (Record no. 192657)

MARC details
000 -LÍDER
campo de controle de tamanho fixo 00399 a2200169 4500
001 - NÚMERO DE CONTROLE
campo de controle 192657
020 ## - ISBN - INTERNATIONAL STANDARD BOOK NUMBER
ISBN - International Standard Book Number 978-85-7406-676-9
040 ## - FONTE DA CATALOGAÇÃO
Instituição que transcreveu o registro Magnum
100 ## - ENTRADA PRINCIPAL--NOME PESSOAL
Nome pessoal L´arronge, Lilli
240 10 - TÍTULO UNIFORME
Título uniforme Eu grande, você pequenininho
Idioma da obra por
245 10 - TÍTULO
Título Eu grande, você pequenininho
300 ## - DESCRIÇÃO FÍSICA
Extensão 46
362 0# - DATAS DE PUBLICAÇÃO E/OU DESIGNAÇÃO SEQUENCIAL
Datas de publicação e/ou designação sequencial 2015
440 #1 - DECLARAÇÃO DE SÉRIE/ENTRADA ADICIONADA--TÍTULO
Título Companhia das Letrinhas
697 ## - ENTRADA DE ASSUNTO LOCAL--ENTIDADE COLETIVA (RLIN)
Nome corporativo ou nome da jurisdição LITERATURA INFANTIL
942 ## - ELEMENTOS DE ENTRADA ADICIONADOS (KOHA)
Tipo de material Koha Livros
Holdings
Situação do descarte Situação das perdas Situação física Não pode ser emprestado Biblioteca de origem Biblioteca atual Data de aquisição Total de empréstimos Número de chamada completo Código de barras Data de último acesso Data do preço efetivo Tipo de material Koha
        Magnum Magnum 08/06/2024   869.0.1719 MAG00070939 08/06/2024 08/06/2024 Livros